00595 2200193 4500001002100000005001700021008004100038020001800079035002400097082001100121090002400132100002800156245007000184250001700254260002700271300003400298650004900332999002000381YOGYA-0411000000241320110428112434.0 ind  a979-533-770-X 0010-041100000002413 a331.12 a331.12bWibcHlDEP aWIBOWO, M. Benu Satriyo aHimpunan peraturan perundangan ketenagakerjaan/M. Benu S. Wibowo. aEd.1, cet.1. aYogyakartabAndic2002 axiii, 578 hlm.bilus.c21 cm. aTenaga Kerja- Undang-undang, Peraturan, dsb. aCB-D.11 2002-87